000 02848nam a2200469 a 4500
005 20220317000226.0
007 ta
008 141031s2009ck 000 0 spr s s0 spa d
020 _a9789589672198
040 _aCO-BoRNBP
_bspa
_erda
_cCO-BoRNBP
082 0 4 _aCo861.09
_bH37
245 1 0 _aHistoria de la poesía colombiana
_bseguida de un panorama de las tres últimas décadas
_cdirección proyecto María Mercedes Carranza, Pedro Alejo Gómez Vila ; con la colaboración de la Alcaldía Mayor de Bogotá, Secretaría Distrital de Recreación y Deporte, Fundación Gilberto Alzate Avendaño
264 _aBogotá
_bCasa de Poesía Silva
_c2009
300 _a868 páginas
_c25 cm
336 _atexto
_btxt
_2rdacontent
337 _asin mediación
_bn
_2rdamedia
338 _avolumen
_bnc
_2rdacarrier
500 _aIncluye índice al final del texto
504 _aIncluye referencias bibliográficas
505 1 _aArte del tiempo /Pedro Alejo Gómez Vila -- Esta historia / María Mercedes Carranza -- Poesía indígena / William Ospina -- Poesía de la conquista /William Ospina -- Poesia de la colonia/ William Ospina -- Poesía de la independencia /William Ospina -- Romanticismo /David Jiménez P. -- Poesía finisecular /David Jiménez P, Montserrat Ordoñez, José Asunción Silva, Montserrat Ordóñez -- Modernismos /J. Eduardo Jaramillo Zuluaga, Juan Gustavo Cobo Borda -- Los nuevos /Diógenes Fajardo, Aurelio Arturo, Claudia Cadena Silva -- Piedra y cielo/ Fernando Charry Lara -- Mito /Jaime García Maffla, Guillermo Alberto Arévalo -- Nadaísmo /Oscar Collazos /Mario Rivero Darío Jaramillo Agudelo -- Generación de Golpe de Dados /James Alstrum -- Antologías /Daío Jaramillo Agudelo -- Un panorama de las tres últimas décadas /Robinson Quintero Ossa, Luis Germán Sierra
650 1 7 _aLiteratura colombiana
_xHistoria y crítica
_2LEMB
650 1 7 _aPoesía colombiana
_xHistoria y crítica
_2LEMB
650 1 7 _aRomanticismo
_vPoesía
_2LEMB
700 1 _aCarranza, María Mercedes
_d1945-2003
_edirectora
_9174693
700 1 _aGómez Vila, Pedro Alejandro
_d1943-
_edirector
_9174694
700 1 _aGómez Vila, Pedro Alejo
_910094
700 1 _aOspina, William
_d1954-
_910095
700 1 _aJiménez P., David
_910096
700 1 _aOrdoñez, Montserrat
_910097
700 1 _aJaramillo Zuluaga, J. Eduardo
_910098
700 1 _a Cobo Borda, Juan Gustavo
_d1948-
_ecompilador
_917299
700 1 _aFajardo, Diógenes
_910100
700 1 _aCadena Silva, Claudia
_910101
700 1 _aCharry Lara, Fernando
_910102
700 1 _aGarcía Maffla, Jaime
_910103
700 1 _aArévalo, Guillermo Alberto
_910104
700 1 _aCollazos, Oscar
_910105
700 1 _aJaramillo Agudelo, Darío
_d1947-
_93283
700 1 _aAlstrum, James
_910106
710 2 _aFundación Gilberto Alzate Avendaño
_910107
942 _2ddc
_cBKLIT
999 _c3452
_d3452